logo

Bir Sreshtho Munshi Abdur Rouf Library
Jhenaidah Cadet College

Larousse illustrated international encyclopedia and dictionary / (Record no. 9656)

MARC details
000 -LEADER
fixed length control field 00690nam a2200241 4500
001 - CONTROL NUMBER
JCCL Control Number 9656
003 - CONTROL NUMBER IDENTIFIER
JCCL marc code BD-JhCC
005 - DATE AND TIME OF LATEST TRANSACTION
control field 20180325191821.0
008 - FIXED-LENGTH DATA ELEMENTS--GENERAL INFORMATION
fixed length control field 180321s1972 nyua de 000 0 eng
020 ## - INTERNATIONAL STANDARD BOOK NUMBER
International Standard Book Number 0529048949
-- 0529048957 (deluxe ed.)
020 ## - INTERNATIONAL STANDARD BOOK NUMBER
International Standard Book Number 070364702
035 ## - SYSTEM CONTROL NUMBER
system control number (BD-JhCC)9656
040 ## - CATALOGING SOURCE
Original cataloging agency DLC
Transcribing agency DLC
Modifying agency DLC
-- BD-JhCC
041 ## - LANGUAGE CODE
Language code of Book eng
050 00 - LIBRARY OF CONGRESS CALL NUMBER
Classification number AG5
Item number .L28
082 00 - DEWEY DECIMAL CLASSIFICATION NUMBER
Classification number 031
Author mark and Year LAR 1972
245 00 - TITLE STATEMENT
Title Larousse illustrated international encyclopedia and dictionary /
260 ## - PUBLICATION, DISTRIBUTION, ETC. (IMPRINT)
Place of publication, distribution, etc Larousse :
Name of publisher, distributor, etc McGraw-Hill International Book Company,
Date of publication, distribution, etc 1972.
300 ## - PHYSICAL DESCRIPTION
Pagination 1023 p.
Other physical details col. illus.
Dimensions 29 cm.
650 #0 - SUBJECT ADDED ENTRY--TOPICAL TERM
Topical term or geographic name as entry element Encyclopedias and dictionaries.
942 ## - ADDED ENTRY ELEMENTS (KOHA)
Source of classification or shelving scheme Dewey Decimal Classification
Koha item type Books
Holdings
Source of classification or shelving scheme Damaged status Not for loan Home library Current library Shelving location Total Checkouts Full call number Barcode Date last seen Copy number Koha item type
Dewey Decimal Classification     JCC Rouf Library JCC Rouf Library General Stacks   031 LAR 1972 12920 03/21/2018 C - 1 Books

JCC Library | Contacts | JCC Home

Last Update on 23 September 2017
Copyright @ 2017-2020 JCC Rouf Library
Rouf Library, Jhenidah Cadet College (JCC), Bangladesh